Justice league dark (Record no. 168131)

MARC details
000 -LEADER
fixed length control field 00668ngm a2200169 i 4500
001 - CONTROL NUMBER
control field C2-0344411
003 - CONTROL NUMBER IDENTIFIER
control field PPAK
005 - DATE AND TIME OF LATEST TRANSACTION
control field 20180727222922.0
008 - FIXED-LENGTH DATA ELEMENTS--GENERAL INFORMATION
fixed length control field 171231s2017 cau|||| ||||| | vleng d
040 ## - CATALOGING SOURCE
Original cataloging agency PPAK
Language of cataloging eng
Transcribing agency PPAK
Description conventions rda
245 10 - TITLE STATEMENT
Title Justice league dark
264 #1 - PRODUCTION, PUBLICATION, DISTRIBUTION, MANUFACTURE, AND COPYRIGHT NOTICE
Place of production, publication, distribution, manufacture California :
Name of producer, publisher, distributor, manufacturer Warner Bros. Entertainment, Inc. ,
Date of production, publication, distribution, manufacture, or copyright notice 2017
500 ## - GENERAL NOTE
General note Summary : Batman assembles a league of heroes with supernatural powers to help defeat a supernatural force. ; In English, French, Portuguese (Brazilian), Spanish (Latin American) and Thai; with optional subtitles in English, Complex Chinese
700 ## - ADDED ENTRY--PERSONAL NAME
Relator term author
Personal name Oliva, Jay,
Relator term compile
942 ## - ADDED ENTRY ELEMENTS (KOHA)
Source of classification or shelving scheme Dewey Decimal Classification
Koha item type Digital Video Disc
Holdings
Withdrawn status Lost status Source of classification or shelving scheme Damaged status Not for loan Current library Shelving location Date acquired Source of acquisition Total Checkouts Full call number Barcode Date last seen Cost, replacement price Koha item type
    Dewey Decimal Classification     Perpustakaan Alor Setar Pinjaman Dewasa 13/02/2018 TBCB   791.4334 DEM A01555509 05/07/2018 35.10 Digital Video Disc